[Event "RUS-chT Premier League 2018"]
[Site "Sochi"]
[Date "2018.05.05"]
[Round "5"]
[White "Dubov, Daniil"]
[Black "Khismatullin, Denis"]
[Result "1/2-1/2"]
[WhiteElo "2696"]
[BlackElo "2632"]
[Annotator "TA"]
[PlyCount "92"]
[EventDate "2018.??.??"]
[EventCountry "RUS"]
[SourceTitle "playchess.com"]
[Source "ChessBase"]
[SourceQuality "1"]

{[%evp 15,92,0,9,0,10,0,0,5,11,-15,-13,-22,8,8,19,9,8,0,8,0,8,0,0,0,0,-6,0,-6,-6,0,0,-9,12,0,0,0,0,0,10,0,22,11,0,0,0,0,7,-8,0,0,0,0,0,0,0,-35,42,6,7,8,8,8,7,6,36,18,66,56,58,48,58,64,69,69,84,11,16,8,8]} 1. d4 Nf6 2. c4 e6 3. Nf3 d5 4. g3 Bb4+ 5. Bd2 Be7 6. Bg2 O-O 7. O-O Nbd7 8. Qc2 c6 9. Rc1 {E11: Bogo-Indian} Re8 $146 ({Predecessor:} 9... b6 10. a4 Ne4 11. Be1 a5 12. Nbd2 Nxd2 13. Nxd2 Bf6 14. cxd5 cxd5 15. e4 Bxd4 16. Nb3 Bf6 17. exd5 exd5 18. Bxd5 {½-½ (28) Grischuk,A (2767)-Karjakin,S (2763) Berlin 2018}) 10. Bf4 Nh5 11. Be3 Nhf6 12. Nc3 dxc4 13. Bg5 h6 14. Bxf6 Bxf6 15. Rd1 Qc7 16. Ne4 Be7 17. Qxc4 Rd8 18. Nc3 Rb8 19. b4 Nb6 20. Qb3 Nd5 21. a3 a5 22. Na2 axb4 23. axb4 b6 24. Rac1 Bb7 25. Ne5 c5 26. Nd3 {[%cal Rb4c5,Be5d3,Bd3b2,Bb2c4][%mdl 32]} Bc6 27. b5 Be8 28. e4 Nf6 29. d5 exd5 30. exd5 Bd6 {[%cal Be7d6,Bd6e5,Be5d4][%mdl 32]} 31. Nb2 Qd7 32. Nc3 Be5 33. Nc4 Bd4 34. Qc2 Qg4 35. h3 {[#]} Qh5 ({Don't go for} 35... Qxg3 $2 {[#]} 36. Rxd4 $1 {[%mdl 512]} Qg5 37. h4 $18) ({Black should try} 35... Bxf2+ $1 $15 {[%mdl 512]} 36. Qxf2 Qxc4) 36. d6 Bd7 37. Ne2 $36 {[%mdl 2048] White has good play.} Bxb5 {aiming for ...Ba4!} 38. Nxd4 cxd4 39. Rxd4 Qc5 40. Qb2 Bxc4 41. Rcxc4 Qe5 42. Qb4 Qa5 $1 43. Qb3 Qe1+ 44. Bf1 $1 Qe6 45. Qd1 (45. Qb4 $16) 45... b5 $11 46. Rc3 Rb6 {Precision: White = 45%, Black = 59%.} 1/2-1/2

[Event "RUS-chT Premier League 2018"]
[Site "Sochi"]
[Date "2018.05.05"]
[Round "5"]
[White "Malakhov, Vladimir"]
[Black "Drygalov, Andrey"]
[Result "1-0"]
[WhiteElo "2691"]
[BlackElo "2431"]
[Annotator "TA"]
[PlyCount "93"]
[EventDate "2018.??.??"]
[EventCountry "RUS"]
[SourceTitle "playchess.com"]
[Source "ChessBase"]
[SourceQuality "1"]

{[%evp 23,93,0,0,0,8,-25,6,6,0,9,31,22,20,20,38,47,22,26,83,80,77,23,41,16,92,92,108,102,75,81,147,111,117,110,110,110,110,112,124,122,221,209,258,238,437,437,437,429,626,616,659,655,627,638,568,386,359,341,451,364,739,734,726,719,758,758,758,758,758,758,758,758]} 1. e4 e5 2. Nf3 Nc6 3. Bb5 a6 4. Ba4 Nf6 5. d3 d6 6. c3 Be7 7. O-O O-O 8. Nbd2 b5 9. Bc2 Re8 10. Re1 Bf8 11. d4 Bb7 {C91: Closed Ruy Lopez: 7...d6 8 c3 0-0 9 d4} 12. d5 Nb8 {[%cal Bc6b8,Bb8d7,Bd7b6][%mdl 32] LiveBook: 13 Games} 13. c4 {[#]} Nbd7 $146 {The position is equal.} ({Predecessor:} 13... c6 14. b3 Nbd7 15. Nf1 Nb6 16. Ne3 Qc7 17. dxc6 Bxc6 18. Nd5 Nbxd5 19. cxd5 {0-1 (73) Wang,H (2712)-Predke,A (2553) Abu Dhabi 2016}) 14. b4 Nb6 15. cxb5 axb5 16. Nb3 Nc4 17. Nfd2 {aiming for Nxc4.} c6 18. dxc6 Bxc6 19. Nxc4 $1 bxc4 20. Na5 Rxa5 (20... Bd7 $11) 21. bxa5 $16 Qxa5 22. Bd2 (22. Bg5 $1 $16) 22... Qa8 $11 {[%cal Rf6e4]} 23. Qf3 Nd7 (23... d5 $1 $11) 24. Bb4 $16 Nf6 25. a3 h6 26. Rad1 d5 (26... Bd7 $142) 27. exd5 Bxd5 28. Qh3 $1 Bxb4 29. axb4 Qb7 30. Rb1 e4 31. Qe3 Re5 {[#]} (31... Qb5 $16) 32. b5 $1 $18 {[%cal Bb4b5,Bb5b6][%mdl 32]} Rg5 33. h3 Be6 $2 {[#]} (33... Qb8 {is a better defense.} 34. b6 Bb7) 34. b6 $1 Bd5 35. Rb5 Re5 (35... Bc6 $142) 36. Ra1 {[%cal Be1a1,Ba1a7,Ba7c7][%mdl 32]} Re8 37. Ra7 Qc6 38. Ba4 Rb8 39. Rc7 Qd6 40. Qd4 e3 41. Qxe3 Bc6 $2 (41... Be6 42. Bc2 Re8) 42. Qc5 {White is clearly winning.} Qxc5 43. Rxc5 Bxa4 44. Rc8+ Rxc8 45. Rxc8+ Kh7 46. b7 Nd7 47. Rd8 {Precision: White = 86%, Black = 32%.} 1-0

[Event "RUS-chT Premier League 2018"]
[Site "Sochi"]
[Date "2018.05.05"]
[Round "5"]
[White "Najer, Evgeniy"]
[Black "Maletin, Pavel"]
[Result "1/2-1/2"]
[WhiteElo "2667"]
[BlackElo "2572"]
[Annotator "TA"]
[PlyCount "43"]
[EventDate "2018.??.??"]
[EventCountry "RUS"]
[SourceTitle "playchess.com"]
[Source "ChessBase"]
[SourceQuality "1"]

{[%evp 19,43,26,23,0,0,5,2,0,22,27,23,0,0,0,0,0,0,0,0,0,0,0,0,0,0,0]} 1. e4 e5 2. Nf3 Nc6 3. Bc4 Bc5 4. c3 Nf6 5. d3 d6 6. Bg5 {[%cal Bc1g5,Bg5h4,Bh4g3][%mdl 32]} h6 7. Bh4 a6 8. a4 {C54: Giuoco Piano: 4 c3 Nf6, main lines with 5 d4 and 5 d3} Ba7 9. Nbd2 g5 10. Bg3 O-O {LiveBook: 7 Games} 11. h3 $146 ({Predecessor:} 11. Qc2 Nh5 12. O-O-O Kg7 13. Nf1 f5 14. exf5 Bxf5 {0-1 (70) Mamedov,R (2709)-Fressinet,L (2662) Riadh 2017}) 11... Nh5 12. Bh2 Qf6 13. g4 Nf4 14. Bxf4 $1 Qxf4 15. Nf1 {[#]} h5 $1 {[%mdl 512] The position is equal.} 16. Qd2 (16. gxh5 Kh8) 16... Qxf3 17. Qxg5+ Kh7 18. Qxh5+ Kg7 19. Qg5+ Kh7 20. Qh5+ Kg7 21. Qg5+ Kh7 22. Qh5+ 1/2-1/2

[Event "RUS-chT Premier League 2018"]
[Site "Sochi"]
[Date "2018.05.05"]
[Round "5"]
[White "Grachev, Boris"]
[Black "Bocharov, Ivan"]
[Result "1/2-1/2"]
[WhiteElo "2647"]
[BlackElo "2547"]
[Annotator "TA"]
[PlyCount "81"]
[EventDate "2018.??.??"]
[EventCountry "RUS"]
[SourceTitle "playchess.com"]
[Source "ChessBase"]
[SourceQuality "1"]

{[%evp 9,81,4,29,11,42,54,42,40,63,25,23,12,29,29,26,27,65,37,55,58,55,20,10,19,44,20,25,12,20,12,12,2,20,15,20,12,22,24,22,20,22,20,20,19,20,20,20,8,22,22,29,28,29,25,28,28,17,14,15,4,4,4,4,4,4,0,0,0,7,8,12,0,0,0]} 1. Nf3 Nf6 2. c4 c6 3. Nc3 d5 4. e3 a6 5. h3 (5. Qc2 g6 6. b3 Bg7 7. Bb2 O-O 8. h3 b5 9. g4 bxc4 10. bxc4 a5 11. Rc1 Na6 12. d4 dxc4 {0-1 (42) Fridman,D (2639)-Tomashevsky,E (2714) Berlin 2018}) 5... h6 6. Qc2 {A11: English Opening: 1...c6} b5 7. b3 e6 8. d4 $146 {White is slightly better.} ({Predecessor:} 8. Bb2 Bb7 9. d4 Nbd7 10. c5 Be7 11. b4 Qb8 12. a4 Bc8 13. axb5 axb5 14. Rxa8 Qxa8 {1-0 (50) Hillarp Persson,T (2556)-Mellem,N (2151) Oslo 2014}) 8... Bb7 9. Bd3 bxc4 10. bxc4 dxc4 11. Bxc4 c5 12. Ne5 {[#] Strongly threatening Bxe6!} Qc8 13. Rb1 {Hoping for Bxe6.} cxd4 14. exd4 Bd6 15. Bxe6 (15. O-O {is interesting.} O-O 16. Qb3 Ra7 17. Re1 Ba8 18. Nxf7 Rfxf7 19. Bxe6 Qf8 20. Ba3) 15... Qxe6 16. Rxb7 {Qa4+ is the strong threat.} Bxe5 17. dxe5 Qxe5+ 18. Qe2 Qxe2+ 19. Kxe2 O-O 20. Be3 Nc6 21. Rc7 Nb4 22. Rd1 Rad8 23. Rxd8 Rxd8 24. Rc4 Nfd5 25. Nxd5 Nxd5 $11 {[%mdl 4096] Endgame KRB-KRN} 26. Bd2 Rd6 27. g4 g5 28. Kf3 Rf6+ 29. Kg3 Re6 30. Rd4 Re5 31. Kf3 f6 32. Ra4 Re6 33. Ra5 {The position is equal.} Ne7 34. Rc5 Ng6 35. Rc8+ Kf7 36. Rc7+ Kg8 37. Rc8+ Kf7 38. Rc7+ Kg8 39. Be3 Nh4+ 40. Ke2 f5 {[#] And now ...f4 would win.} 41. gxf5 {Precision: White = 73%, Black = 68%.} 1/2-1/2

[Event "RUS-chT Premier League 2018"]
[Site "Sochi"]
[Date "2018.05.05"]
[Round "5"]
[White "Alekseenko, Kirill"]
[Black "Faizrakhmanov, Ramil"]
[Result "1-0"]
[WhiteElo "2625"]
[BlackElo "2419"]
[Annotator "TA"]
[PlyCount "63"]
[EventDate "2018.??.??"]
[EventCountry "RUS"]
[SourceTitle "playchess.com"]
[Source "ChessBase"]
[SourceQuality "1"]

{[%evp 15,63,0,22,9,18,14,18,0,0,-16,-14,-36,-32,-38,-37,-40,-36,-37,10,0,6,0,0,14,45,36,45,45,116,100,123,116,123,133,121,148,250,251,240,242,250,251,447,459,433,417,501,466,1225,1224]} 1. e4 e5 2. Nf3 Nc6 3. Bb5 Nf6 {[%cal Bg8f6,Bf6d7,Bd7b8,Bb8c6][%mdl 32]} 4. d3 Bc5 5. Bxc6 dxc6 6. Nbd2 {C65: Ruy Lopez: Berlin Defence (3...Nf6), unusual lines and 4 0-0 Bc5} O-O 7. Nc4 Nd7 8. Be3 Bd6 {LiveBook: 16 Games} 9. Qe2 c5 10. O-O Re8 11. a4 $146 ({Predecessor:} 11. Nfd2 Nf8 12. Nxd6 cxd6 13. f4 exf4 14. Bxf4 {0-1 (67) Kuzubov,Y (2652)-Wang,H (2702) Tbilisi 2017}) 11... Nb8 12. Kh1 Nc6 13. c3 f6 14. Nh4 Be6 15. g4 Qd7 16. Rg1 Bf8 17. g5 fxg5 18. Bxg5 Bxc4 19. dxc4 Re6 20. Rad1 Qe8 21. Nf5 g6 (21... Kh8 $14) 22. Ne3 $36 {[%mdl 2048] Keeping Black busy.} h6 23. Bh4 Bg7 24. Rd3 Qf7 25. Rgd1 {[%cal Bg1d1,Bd1d6,Bd6e6][%mdl 32]} Rd6 (25... Rc8 $16 26. Qg4 h5) 26. Rxd6 $18 cxd6 27. Rxd6 Rf8 28. Qg4 g5 $2 (28... Qf4 {is a better defense.}) 29. Nf5 Qxc4 {[#] ...Rxf5 is the strong threat.} 30. Kg1 Rxf5 31. Qxf5 {Threatens to win with Re6.} gxh4 (31... Qf7 $142 32. Qxf7+ Kxf7 33. Rd7+ Kg8) 32. Re6 {Precision: White = 75%, Black = 44%.} 1-0

[Event "RUS-chT Premier League 2018"]
[Site "Sochi"]
[Date "2018.05.05"]
[Round "5"]
[White "Bologan, Victor"]
[Black "Drygalov, Sergey"]
[Result "1/2-1/2"]
[WhiteElo "2610"]
[BlackElo "2418"]
[Annotator "TA"]
[PlyCount "110"]
[EventDate "2018.??.??"]
[EventCountry "RUS"]
[SourceTitle "playchess.com"]
[Source "ChessBase"]
[SourceQuality "1"]

{[%evp 32,110,20,16,29,47,51,52,56,55,43,50,47,47,48,47,52,40,73,30,71,71,83,0,66,35,56,38,35,28,25,25,36,8,35,24,20,23,37,0,0,0,0,0,0,0,0,0,0,0,20,2,76,0,0,0,6,0,0,0,0,-8,-8,-10,-10,-11,-11,-18,-18,-10,0,-18,-18,-18,-18,-18,-18,-18,-18,-18,-18]} 1. e4 e5 2. Nf3 Nc6 3. Bb5 a6 4. Ba4 Nf6 5. O-O Be7 6. Re1 b5 7. Bb3 d6 8. c3 O-O 9. h3 Bb7 10. d4 Re8 11. Nbd2 Bf8 12. a3 h6 13. Bc2 {[%cal Bb3c2,Bc2d3,Bd3b5][%mdl 32]} Nb8 14. b3 Nbd7 15. Bb2 g6 16. Bd3 {C93: Closed Ruy Lopez: Smyslov Variation} Bg7 17. a4 {LiveBook: 8 Games} d5 $146 ({Predecessor:} 17... c6 18. Qc2 Qc7 19. c4 bxa4 20. c5 dxc5 21. dxe5 axb3 22. Qxb3 c4 23. Bxc4 Nc5 24. Qc2 {1-0 (55) Karjakin,S (2762)-Espinosa Veloz,E (2495) Baku 2015}) 18. axb5 {White has an edge.} axb5 19. exd5 Rxa1 20. Qxa1 Nxd5 21. Bxb5 {Black must now prevent dxe5.} exd4 22. Rxe8+ Qxe8 23. cxd4 Qc8 24. Bf1 N7b6 25. Qc1 Qf5 26. Ne5 Nd7 {[%cal Rd7e5]} 27. Nef3 (27. Ndf3 $16) 27... Nf8 (27... N7b6 $1 $11) 28. Qc4 Qc8 29. b4 Ne6 30. Qb3 Nb6 31. Ne5 Bd5 32. Qa3 Qe8 33. b5 h5 34. Qa1 Qe7 35. Ndc4 Nxc4 36. Nxc4 Bxc4 37. Bxc4 Qb4 38. Qc1 Nxd4 39. Ba3 Qa5 40. Qe3 Qa8 41. Qd3 Nf5 (41... Qa5 $11) 42. Bd5 ({White should try} 42. Bxf7+ $1 $16 Kxf7 43. Qc4+ Kf6 44. Bb2+ Ke7 45. Qxc7+ Kf8 46. Bxg7+ Nxg7 47. b6) 42... Qe8 $11 {The position is equal.} 43. Bb4 h4 44. Qc4 Bd4 {[#] ...Bxf2+! is the strong threat.} 45. Bd2 Qe7 46. Kf1 Qf6 47. Bf3 ({Don't go for} 47. Qxc7 $2 Ng3+ 48. Ke1 Qxf2+ 49. Kd1 Qf1+ 50. Kc2 Qf5+ 51. Kb3 Qxd5+ $19) 47... Qb6 48. Qe2 Nd6 49. Bc6 Qc5 50. Bf4 Qf5 51. Qd2 Nxb5 {With the idea ...Bc3.} 52. Kg1 {[#] aiming for Bxb5.} Nc3 {Strongly threatening ...Qxf4!} 53. Bxc7 Qc5 54. Bf3 Nb1 55. Qe1 $1 {next Bd8 is good for White.} Qxc7 {Precision: White = 51%, Black = 66%.} 1/2-1/2

[Event "RUS-chT Premier League 2018"]
[Site "Sochi"]
[Date "2018.05.05"]
[Round "5"]
[White "Antipov, Mikhail Al."]
[Black "Triapishko, Alexandr"]
[Result "1-0"]
[WhiteElo "2597"]
[BlackElo "2510"]
[Annotator "TA"]
[PlyCount "73"]
[EventDate "2018.??.??"]
[EventCountry "RUS"]
[SourceTitle "playchess.com"]
[Source "ChessBase"]
[SourceQuality "1"]

{[%evp 10,73,10,0,10,-18,25,14,19,0,35,12,38,37,39,52,30,37,43,0,24,19,27,37,38,18,23,26,148,147,212,212,216,223,212,210,212,223,423,366,404,358,334,329,338,245,391,289,871,904,889,889,880,881,863,831,764,552,1465,1152,3346,1482,29981,1937,29982,29983]} 1. d4 d5 2. c4 e6 3. Nf3 c6 4. Nbd2 f5 5. Ne5 (5. g3 Nd7 6. Bg2 Bd6 7. O-O Ngf6 8. b3 O-O 9. Bb2 b6 10. Ne5 Bb7 11. e3 Qe7 12. Qe2 Ne4 13. Nxd7 Qxd7 14. Nf3 c5 15. Rfd1 Qe7 16. Ne5 Bxe5 17. dxe5 dxc4 18. bxc4 {0-1 (49) Melkumyan,H (2664)-Adhiban,B (2650) chess.com INT 2018}) 5... Nf6 6. g3 {LiveBook: 9 Games. D30: Queen's Gambit Declined: Systems without Nc3} Nbd7 7. Nd3 Bd6 8. Qc2 $146 {White has an edge.} ({Predecessor:} 8. Bg2 O-O 9. O-O b6 10. Qa4 Bb7 11. Nf3 Ne4 12. Bf4 a6 {1-0 (66) Kaufman,R (2230)-Shanmugam,R (2156) Balatonlelle 2006}) 8... O-O 9. Nf3 Ne4 10. c5 Bc7 11. Bg2 g5 12. Nfe5 Bxe5 13. dxe5 b6 14. h4 g4 {[%cal Rb6c5]} 15. cxb6 Qxb6 16. Be3 c5 17. O-O d4 $1 {[%cal Rd4e3]} 18. Bf4 Ba6 {[#]} (18... Bb7 $11 {remains equal.}) 19. f3 $1 $36 {[%cal Rf3e4][%mdl 2048] White is on the roll.} gxf3 (19... Nxg3 $16 20. Bxg3 c4) 20. exf3 $18 Bxd3 21. Qxd3 c4 22. Qxc4 Rac8 23. Qd3 Ndc5 $2 {[#]} (23... Nec5 {keeps fighting.} 24. Qxd4 Nd3) 24. Qd1 d3 25. Kh1 Nxg3+ 26. Bxg3 Qxb2 27. Qc1 Qd4 (27... Qxc1 {was worth a try.} 28. Raxc1 (28. Rfxc1 d2 $16) 28... Na4) 28. Qf4 Rfd8 $2 (28... Qxf4 29. Bxf4 Nd7) 29. Qg5+ Kf7 30. Qf6+ Ke8 31. Qh8+ Kf7 32. Qxh7+ Kf8 33. Rad1 Rb8 34. Bf2 {[%cal Bg3f2,Bf2e3,Be3h6,Bh6g5][%mdl 32]} Qd5 35. Be3 Rb4 36. Bh6+ Ke8 37. Bg5 {Precision: White = 45%, Black = 34%.} 1-0

[Event "RUS-chT Premier League 2018"]
[Site "Sochi"]
[Date "2018.05.05"]
[Round "5"]
[White "Bocharov, Dmitry"]
[Black "Inarkiev, Ernesto"]
[Result "0-1"]
[WhiteElo "2594"]
[BlackElo "2686"]
[Annotator "TA"]
[PlyCount "94"]
[EventDate "2018.??.??"]
[EventCountry "RUS"]
[SourceTitle "playchess.com"]
[Source "ChessBase"]
[SourceQuality "1"]

{[%evp 11,94,-13,-1,-12,0,0,0,-7,-5,0,0,-5,3,5,28,15,16,18,20,27,22,28,46,45,44,45,63,52,69,25,21,20,17,25,33,35,44,0,0,0,-6,-8,30,0,0,-2,-4,-187,-172,-390,-424,-455,-450,-452,-462,-431,-429,-432,-409,-562,-541,-687,-663,-659,-663,-637,-565,-799,-791,-777,-771,-811,-828,-1406,-1361,-1679,-1285,-1221,-910,-876,-884,-877,-866,-845,-837]} 1. c4 e5 2. d3 Nf6 3. Nf3 Nc6 4. a3 d5 5. cxd5 Nxd5 6. e4 {A20: English Opening: 1...e5} Nb6 {LiveBook: 4 Games} 7. Be3 Bd6 $146 ({Predecessor:} 7... Be7 8. Nbd2 O-O 9. Rc1 Bf6 10. b4 a6 11. Be2 Re8 {0-1 (42) Grischuk,A (2782)-Caruana,F (2799) Saint Louis 2017}) 8. Be2 {The position is equal.} O-O 9. O-O Nd4 10. Nxd4 exd4 11. Bc1 Kh8 (11... c6 {seems wilder.} 12. Nd2 a5 13. b3 Be6 14. g3 f5) 12. Nd2 c5 13. a4 Be6 14. a5 Nd7 ({Wrong is} 14... Qh4 $2 15. g3 $18) 15. f4 f5 16. e5 Be7 17. Bf3 Rb8 18. Nc4 Qc7 19. Bd2 Rfc8 20. Na3 {Hoping for Nb5.} b5 21. axb6 $1 Nxb6 22. b3 Qd7 23. Nc4 Nd5 24. Rf2 Ne3 25. Nxe3 dxe3 26. Bxe3 Bxb3 27. Qf1 Bd8 28. Bd1 a5 {[%cal Ba7a5,Ba5a4,Ba4a3][%mdl 32]} 29. Ra3 $2 {[#]} (29. Rb1 $11 {and White is okay.} Bd5 30. Bf3) 29... c4 $1 $19 30. Rd2 $2 (30. Bc2 {keeps fighting.}) 30... c3 31. Rf2 a4 32. Bc2 Be7 33. Ra1 a3 34. d4 g6 35. Qd1 Qd5 {Black is clearly winning.} 36. Qd3 Bxc2 37. Rxc2 Rb2 38. h3 Kg7 39. Bf2 Qc4 40. Qxc4 Rxc4 41. Rcc1 a2 42. Kf1 Ba3 43. Be3 c2 {White must now prevent ...Rb1.} 44. Re1 Rb3 {And now ...Rxe3! would win.} 45. Kf2 {[#]} Rxe3 $1 {[%mdl 512]} 46. Kxe3 (46. Rxe3 c1=Q) 46... c1=Q+ 47. Rexc1 Bxc1+ {Precision: White = 50%, Black = 66%.} 0-1

[Event "RUS-chT Premier League 2018"]
[Site "Sochi"]
[Date "2018.05.05"]
[Round "5"]
[White "Esipenko, Andrey"]
[Black "Paravyan, David"]
[Result "1/2-1/2"]
[WhiteElo "2587"]
[BlackElo "2620"]
[Annotator "TA"]
[PlyCount "97"]
[EventDate "2018.??.??"]
[EventCountry "RUS"]
[SourceTitle "playchess.com"]
[Source "ChessBase"]
[SourceQuality "1"]

{[%evp 23,97,16,16,12,18,23,21,20,7,16,18,24,14,12,12,0,12,15,15,17,25,27,39,32,43,40,47,10,10,10,10,10,10,16,16,16,16,16,50,50,50,6,6,8,58,58,58,58,58,58,58,58,58,58,58,58,58,58,58,58,58,58,58,58,58,58,58,0,58,0,58,58,58,58,58,58]} 1. d4 Nf6 2. c4 g6 3. g3 Bg7 4. Bg2 O-O 5. Nf3 d6 6. O-O c5 7. Nc3 Nc6 8. dxc5 dxc5 9. Be3 Ng4 {E65: King's Indian: Fianchetto: 6...c5 7 0-0 without d5 by White} (9... Be6 10. Qa4 Nd4 11. Rad1 Bd7 12. Qa3 Nc2 13. Qxc5 b6 14. Qg5 h6 15. Qf4 g5 16. Qe5 Rc8 17. Nd5 Nxd5 18. Qxd5 Nxe3 19. fxe3 {½-½ (46) Le,Q (2739)-Jumabayev,R (2602) Ashkhabad 2017}) 10. Qxd8 Rxd8 11. Bxc5 Be6 12. h3 Nf6 {LiveBook: 4 Games} 13. Rfd1 Nd7 14. Bd4 Bxc4 15. Bxg7 Kxg7 {[#]} 16. Nd2 $146 ({Predecessor:} 16. Nd4 Nde5 17. Nxc6 Nxc6 18. Bxc6 bxc6 {1-0 (61) Skembris,S (2530)-Vragoteris,A (2360) Athens 1992}) 16... Be6 17. Bxc6 bxc6 18. g4 Nf6 19. b3 h5 20. f3 Nd5 21. Nde4 Nf4 22. Ng5 Bd5 23. e3 Ne6 24. Nxe6+ Bxe6 25. Kf2 hxg4 26. hxg4 c5 27. Ne4 c4 28. Nc5 cxb3 {[#] And now ...b2 would win.} 29. axb3 Rxd1 30. Rxd1 $11 {[%mdl 4096] Endgame KRB-KRN} Rb8 31. Ra1 a5 32. Rxa5 Bxb3 33. Ra7 Rb5 34. Nxb3 Rxb3 35. Rxe7 $14 {KR-KR} g5 36. Ke2 Kg6 37. Rc7 Ra3 38. Kd2 f6 39. Rc3 Ra2+ 40. Kd3 Ra4 41. Rc4 Ra3+ 42. Ke4 Rb3 43. Rd4 Ra3 44. Rd3 Ra4+ 45. Rd4 Ra3 $1 46. Rc4 Rb3 $1 47. Kd4 {White is slightly better.} Ra3 48. Rc3 Ra5 49. e4 {Precision: White = 76%, Black = 73%.} 1/2-1/2

[Event "RUS-chT Premier League 2018"]
[Site "Sochi"]
[Date "2018.05.05"]
[Round "5"]
[White "Timofeev, Artyom"]
[Black "Fedoseev, Vladimir"]
[Result "1/2-1/2"]
[WhiteElo "2579"]
[BlackElo "2706"]
[Annotator "TA"]
[PlyCount "112"]
[EventDate "2018.??.??"]
[EventCountry "RUS"]
[SourceTitle "playchess.com"]
[Source "ChessBase"]
[SourceQuality "1"]

{[%evp 16,112,43,41,54,46,39,39,34,31,84,70,78,80,71,65,85,44,54,20,20,27,42,29,19,30,23,19,22,18,9,0,0,0,14,0,0,0,13,0,0,-56,-58,-50,-53,-46,-51,-55,-41,-46,-49,-43,-25,-23,-26,-70,-75,-113,0,-16,-8,-8,-8,-8,-8,-8,-8,-8,-8,-8,-8,-8,-8,-8,-8,-8,-8,-8,-8,-54,-54,-54,-54,-54,-54,-54,-54,-54,-8,-8,-8,-8,-8,-8,-8,-8,-8,-8,-8]} 1. e4 c5 2. Nf3 d6 3. Bb5+ Nc6 4. O-O Bd7 5. Re1 a6 6. Bxc6 Bxc6 7. d4 cxd4 8. Nxd4 Bd7 {B51: Sicilian: Moscow Variation (3 Bb5+) without 3...Bd7} 9. c4 {LiveBook: 8 Games} e6 10. b3 Nf6 {White is slightly better.} 11. a4 Be7 12. Nc3 Qa5 $146 (12... O-O $14) ({Predecessor:} 12... Rc8 13. Ba3 O-O 14. h3 Re8 15. Qd3 Qb6 16. Rab1 {1-0 (51) Landa,K (2597)-Koop,T (2412) Vlissingen 2016}) 13. Qd2 $16 Rd8 14. Ba3 Bc8 15. Rad1 Qc7 16. h3 O-O 17. Qe3 Rfe8 18. Nf3 Bf8 19. e5 (19. Nh2 {is interesting.} Be7 20. Rd2 Rd7 21. Red1 h6 22. Rd3) 19... dxe5 20. Bxf8 Rxf8 21. Nxe5 b6 22. Rxd8 Rxd8 23. Rd1 Rxd1+ 24. Nxd1 Ne8 25. Qd4 Nd6 26. Ne3 Nb7 27. Nd3 Bd7 28. Qe5 (28. Nc2 $11) 28... Qxe5 $1 $15 29. Nxe5 {[%mdl 4096] Endgame KBN-KNN} Be8 30. Nd3 f6 31. Kf1 Kf8 32. Ke2 Ke7 33. Kd2 Kd6 34. Kc3 a5 35. f3 g5 36. Ng4 {[#]} Ke7 (36... f5 $1 $17 {[%cal Rf5g4]} 37. Ngf2 Bc6) 37. b4 Bxa4 38. b5 $1 h5 39. Ngf2 f5 40. Nb2 Nc5 {next ...Kd6 is good for Black.} 41. Nfd3 Nxd3 42. Nxd3 $11 {Strongly threatening Nb2. KB-KN} Bd1 43. c5 bxc5 44. b6 Kd6 {[#] With the idea ...Be2.} 45. Nxc5 $1 {[%mdl 512]} g4 {And now ...Bxf3 would win.} ({Avoid the trap} 45... Kxc5 $2 46. b7 $18) 46. b7 Kc7 {White must now prevent ...gxh3.} 47. hxg4 (47. Nxe6+ {seems wilder.} Kxb7 48. fxg4 fxg4 49. Nf4 gxh3 50. gxh3 a4 51. Nxh5 Bxh5 52. Kb2) 47... fxg4 48. Nxe6+ Kxb7 49. fxg4 $1 Bxg4 50. Nf4 Kc6 51. g3 Kd6 52. Kc4 {The position is equal.} Ke5 53. Kb5 Ke4 {[#]} 54. Nxh5 $1 {[%mdl 512]} Bxh5 55. Kxa5 Kf3 56. g4 Bxg4 {Precision: White = 64%, Black = 74%.} 1/2-1/2

[Event "RUS-chT Premier League 2018"]
[Site "Sochi"]
[Date "2018.05.05"]
[Round "5"]
[White "Potkin, Vladimir"]
[Black "Sarana, Alexey"]
[Result "1/2-1/2"]
[WhiteElo "2574"]
[BlackElo "2587"]
[Annotator "TA"]
[PlyCount "80"]
[EventDate "2018.??.??"]
[EventCountry "RUS"]
[SourceTitle "playchess.com"]
[Source "ChessBase"]
[SourceQuality "1"]

{[%evp 28,80,0,0,0,0,0,0,0,0,-5,-10,6,0,0,0,0,0,0,0,0,0,0,0,10,9,19,22,16,13,36,29,62,50,46,55,62,63,64,51,119,22,50,0,0,0,0,2,3,0,0,0,8,0,0]} 1. Nf3 d5 2. d4 Nf6 3. c4 e6 4. Nc3 Bb4 5. e3 O-O 6. Bd3 c5 7. O-O cxd4 8. exd4 dxc4 9. Bxc4 b6 10. Qe2 Nc6 11. Rd1 Na5 12. Bd3 Bb7 13. Bg5 Be7 {[%cal Bb4e7,Be7g5,Bg5f4][%mdl 32]} 14. Rac1 Rc8 15. Ba6 {LiveBook: 8 Games. D26: Queen's Gambit Accepted: 4 e3 e6 5 Bxc5 c5 sidelines} (15. Ne5 Nc6 16. Ba6 Bxa6 17. Qxa6 h6 18. Be3 Nb4 19. Qxa7 Bd6 20. a3 Nbd5 21. Nxd5 Nxd5 22. Rxc8 Qxc8 {1-0 (44) Fedoseev,V (2659)-Wojtaszek,R (2734) Berlin 2015}) 15... Nd5 16. Nxd5 $146 ({Predecessor:} 16. Bxb7 Nxc3 17. bxc3 Nxb7 18. Bxe7 {½-½ (17) Stepanov,K-Kuzenkov,A Russia 2002}) 16... Bxg5 17. Rxc8 Bxc8 18. Ne3 Bf4 19. Rc1 Qd7 20. Bb5 Qd6 21. Ba6 Bd7 22. g3 Bxe3 23. fxe3 Bc6 24. Bd3 Ba8 25. Kf2 Nc6 26. Be4 f5 27. Bxc6 Bxc6 28. Ne5 Bd5 29. a3 Qe7 30. Rc3 Ba8 31. Qc4 Qe8 32. Ke1 Bd5 $1 {[%cal Rd5c4]} 33. Qe2 Qe7 {[#]} (33... Qd8 $14) 34. Kd2 ({Better is} 34. Qc2 $1 $16) 34... Rd8 35. Kc1 Qb7 {The position is equal.} 36. Qc2 Qa6 37. Qd3 Qb7 38. Qc2 Qa6 39. Qd3 Qb7 40. Qc2 Qa6 {Precision: White = 75%, Black = 58%.} 1/2-1/2